000 00714nam a2200217 a 4500
001 BRL_1898
005 20190320211426.0
008 130815s1937----mx-a######---#000-0#spa-#
041 _aspa
044 _amx
050 4 _aF1376
_b.S74 1937
100 1 _aStephens, John L.
_d1805-1852
_924218
245 1 0 _aViaje a Yucatán, 1841-1842
_cJohn L. Stephens ; traducción al castellano de Justo Sierra O´Reilly.
260 _aMéxico
_b[Museo Nacional de Arqueología, Historia y Etnografía]
_c1937
300 _a2 v.
_bil.
_c24 cm.
500 _at.1 Au1964, t.2 Au1963
651 4 _aYucatán
_xDescripciones y viajes
_928184
700 1 _aSierra O´Reilly, Justo
_epról.
_928185
902 _aGRL
942 _2lcc
_cB
999 _c10706
_d10706